Countries Two Borders Away From Double-Landlocked Countries - Statistics

General Stats
  • This quiz has been taken 69 times
  • The average score is 10 of 11
Answer Stats
Borders via Country % Correct
Afghanistan Pakistan
98%
Afghanistan, Turkmenistan Iran
96%
Austria, Switzerland Italy
96%
Kazakhstan Russia
96%
Switzerland France
95%
Afghanistan, Kazakhstan, Kyrgyzstan, Tajikistan China
93%
Austria, Switzerland Germany
93%
Austria Slovenia
93%
Austria Czech Republic
91%
Austria Slovakia
91%
Austria Hungary
89%
No matching quizzes found
Score Distribution
Percent of People with Each Score
Percentile by Number Answered
Your Score History
You have not taken this quiz